000
00289nmm a2200097Ia 4500
008
220120s9999||||xx |||||||||||||||||und||
020
_a
0-07-052929
100
_a
Gupta, Vikas and Kognet solutions Inc.
_9
5836
245
0
_a
Computer concepts and C programming
260
_a
Kognet solutions Inc.
999
_c
139573
_d
139573